000 00669cam a22002413a 4500
001 8440
003 PGUSA
005 20140828083156.0
008 050701s2005||||xxu|||||s|||||000 1 eng d
040 _aPGUSA
_beng
042 _adc
050 4 _aPT
100 1 _aLatzko, Andreas,
_d1876-1943
245 1 0 _aMen in War
_h[electronic resource] /
_cAndreas Latzko
260 _bProject Gutenberg,
_c2005
506 _aPublic domain in the USA.
516 _aElectronic text
653 _aWorld War, 1914-1918 -- Fiction
740 0 _aMenschen im Krieg. English
830 0 _aProject Gutenberg
_v8440
856 4 0 _uhttp://www.gutenberg.org/ebooks/8440
942 _cEB
999 _c237740
_d237740